| 000 | nam a22 7a 4500 | ||
|---|---|---|---|
| 999 |
_c234285 _d234285 |
||
| 005 | 20170316180252.0 | ||
| 008 | 170316b xxu||||| |||| 00| 0 eng d | ||
| 020 | _a0750651318 | ||
| 040 | _c. | ||
| 082 | _aBB-389 | ||
| 100 | _aHeisler ,Heinz | ||
| 245 |
_aAdvanced Vehicle Technology / _cHeinz Heisler |
||
| 260 |
_aNew York _bHB Pub _c2001. |
||
| 300 |
_a654 p. ; _c24 cm. |
||
| 942 |
_2ddc _cBK |
||